[Event "Bernard Freedman mem"]
[Site "Toronto CAN"]
[Date "2002.08.14"]
[Round "3"]
[White "Cohen, David"]
[Black "Takov, Chris"]
[Result "1/2-1/2"]
[WhiteElo "1952"]
[BlackElo "1910"]
[PlyCount "67"]
[EventDate "2002.08.12"]
[EventType "tourn"]
[EventRounds "9"]
[EventCountry "CAN"]
[Source "ChessBase"]
[SourceDate "2002.11.25"]

1. d4 Nf6 2. Nf3 g6 3. e3 Bg7 4. Bd3 d6 5. O-O O-O 6. c3 Nbd7 7. e4 e5 8. Bg5
h6 9. Be3 Ng4 10. Nbd2 Nxe3 11. fxe3 f5 12. exf5 gxf5 13. Qe1 e4 14. Bc4+ Kh7
15. Nh4 Nb6 16. Qg3 Qg5 17. Rf4 d5 18. Bb3 c6 19. Raf1 Bf6 20. Qh3 Bd8 21. Bc2
Bc7 22. Ndf3 exf3 23. R4xf3 Kh8 24. Bxf5 Bxf5 25. Rxf5 Rxf5 26. Rxf5 Qg7 27.
Qf3 Nc4 28. Qh5 Nd6 29. Re5 Ne4 30. Re7 Bxh2+ 31. Kxh2 Qg3+ 32. Kh1 Nf2+ 33.
Kg1 Nh3+ 34. Kh1 1/2-1/2

[Event "Bernard Freedman mem"]
[Site "Toronto CAN"]
[Date "2002.08.14"]
[Round "3"]
[White "Henry, Liam"]
[Black "Haziprodromu, Sam"]
[Result "0-1"]
[WhiteElo "1846"]
[BlackElo "1889"]
[PlyCount "128"]
[EventDate "2002.08.12"]
[EventType "tourn"]
[EventRounds "9"]
[EventCountry "CAN"]
[Source "ChessBase"]
[SourceDate "2002.11.25"]

1. e4 e5 2. Nf3 Nc6 3. Bb5 a6 4. Ba4 Nf6 5. O-O b5 6. Bb3 Bb7 7. Re1 Bc5 8. c3
d6 9. d4 Bb6 10. Bg5 Qe7 11. d5 Nb8 12. Nbd2 h6 13. Bh4 g5 14. Bg3 Nbd7 15. a4
c6 16. dxc6 Bxc6 17. Nf1 Nc5 18. axb5 axb5 19. Rxa8+ Bxa8 20. Bd5 Bxd5 21. exd5
O-O 22. Ne3 Qd7 23. b4 Na4 24. Qd2 Ne4 25. Qc2 f5 26. Nxf5 Qxf5 27. Qxe4 Qxe4
28. Rxe4 Nxc3 29. Re1 Ra8 30. h3 Ra2 31. Kh2 Nxd5 32. Rd1 Nf4 33. Bxf4 exf4 34.
Rxd6 Bxf2 35. Rd1 Rb2 36. Ne5 Bg3+ 37. Kg1 Rxb4 38. Kf1 Kg7 39. Rd7+ Kf6 40.
Ng4+ Ke6 41. Rh7 Rb1+ 42. Ke2 b4 43. Rxh6+ Kd5 44. Rb6 b3 45. Kd2 b2 46. Kc2
Rg1 47. Kxb2 Rxg2+ 48. Kb3 Bh4 49. Rb5+ Ke4 50. Re5+ Kd4 51. Rf5 Rxg4 52. hxg4
Ke4 53. Rf7 Kf3 54. Kc3 Kxg4 55. Kd3 Kg3 56. Ke2 Kg2 57. Rf8 Bg3 58. Rf7 g4 59.
Rf5 f3+ 60. Ke3 Bf2+ 61. Ke4 Bg1 62. Kf4 g3 63. Kg4 f2 64. Rf3 Bh2 0-1

[Event "Bernard Freedman mem"]
[Site "Toronto CAN"]
[Date "2002.08.15"]
[Round "4"]
[White "Manalo, Pepin"]
[Black "Henry, Liam"]
[Result "1-0"]
[WhiteElo "1866"]
[BlackElo "1846"]
[PlyCount "65"]
[EventDate "2002.08.12"]
[EventType "tourn"]
[EventRounds "9"]
[EventCountry "CAN"]
[Source "ChessBase"]
[SourceDate "2002.11.25"]

1. d4 Nf6 2. Nf3 g6 3. Nc3 d5 4. g3 Bg7 5. Bg2 O-O 6. O-O c6 7. Bf4 Nbd7 8. Qd2
Re8 9. Rfe1 Nh5 10. Bh6 e5 11. Bxg7 Nxg7 12. e4 dxe4 13. Nxe4 f5 14. Nd6 Re6
15. Nxc8 Rxc8 16. dxe5 Qc7 17. Qd4 c5 18. Qc4 Kh8 19. Ng5 Rce8 20. Nxe6 Nxe6
21. f4 g5 22. Rad1 gxf4 23. gxf4 Ndf8 24. Rd6 b5 25. Qf1 Ng6 26. Bc6 Re7 27.
Qh3 Nd4 28. Rxg6 Nxc6 29. Rg5 Nd4 30. Qg2 Re8 31. c3 Ne6 32. Rg3 Nxf4 33. Qf3
1-0

[Event "Bernard Freedman mem"]
[Site "Toronto CAN"]
[Date "2002.08.16"]
[Round "5"]
[White "Henry, Liam"]
[Black "Srinivasan, Gajana"]
[Result "1-0"]
[WhiteElo "1846"]
[BlackElo "1971"]
[PlyCount "65"]
[EventDate "2002.08.12"]
[EventType "tourn"]
[EventRounds "9"]
[EventCountry "CAN"]
[Source "ChessBase"]
[SourceDate "2002.11.25"]

1. e4 c5 2. Nf3 d6 3. d4 cxd4 4. Nxd4 Nc6 5. Nc3 Nf6 6. Bc4 g6 7. Nxc6 bxc6 8.
e5 Ng4 9. exd6 exd6 10. O-O Bg7 11. Re1+ Kf8 12. Bf4 d5 13. Nxd5 Bf5 14. Bc7
Nxf2 15. Bxd8 Nxd1 16. Be7+ Kg8 17. Nf6+ Bxf6 18. Bxf6 Bxc2 19. Raxd1 Bxd1 20.
Rxd1 h5 21. Bxh8 Kxh8 22. Bxf7 Kg7 23. Bb3 a5 24. Rd6 c5 25. Rc6 a4 26. Bc2 a3
27. Rxg6+ Kf7 28. b3 Rd8 29. Rc6 Rd5 30. b4 Rd4 31. bxc5 Rd2 32. Bb3+ Ke7 33.
Ra6 1-0

[Event "Bernard Freedman mem"]
[Site "Toronto CAN"]
[Date "2002.08.18"]
[Round "6"]
[White "Miller, Evgeny"]
[Black "Henry, Liam"]
[Result "1-0"]
[WhiteElo "2202"]
[BlackElo "1846"]
[PlyCount "49"]
[EventDate "2002.08.12"]
[EventType "tourn"]
[EventRounds "9"]
[EventCountry "CAN"]
[Source "ChessBase"]
[SourceDate "2002.11.25"]

1. e4 c5 2. c3 Nf6 3. e5 Nd5 4. d4 cxd4 5. Nf3 Nc6 6. Bc4 Nb6 7. Bb5 g6 8. cxd4
Bg7 9. O-O O-O 10. Nc3 d6 11. Bxc6 bxc6 12. Bf4 d5 13. h3 a5 14. Rc1 Ba6 15.
Re1 e6 16. b3 Rc8 17. Bg5 Qd7 18. Ne2 Bxe2 19. Qxe2 a4 20. Qe3 axb3 21. axb3
Ra8 22. Nh2 h5 23. g4 Ra3 24. gxh5 gxh5 25. Bf6 1-0

[Event "Bernard Freedman mem"]
[Site "Toronto CAN"]
[Date "2002.08.19"]
[Round "7"]
[White "Henry, Liam"]
[Black "Haley, Phil"]
[Result "1-0"]
[WhiteElo "1846"]
[BlackElo "1873"]
[PlyCount "111"]
[EventDate "2002.08.12"]
[EventType "tourn"]
[EventRounds "9"]
[EventCountry "CAN"]
[Source "ChessBase"]
[SourceDate "2002.11.25"]

1. e4 d6 2. d4 Nf6 3. Nc3 c6 4. f4 Qa5 5. Bd3 e5 6. Nf3 Bg4 7. dxe5 dxe5 8. h3
Bxf3 9. Qxf3 Nbd7 10. O-O Be7 11. f5 O-O-O 12. a3 Kb8 13. Be3 Bc5 14. Kh2 Bxe3
15. Qxe3 Qc5 16. Qe1 g5 17. b4 Qf8 18. Qe3 Qh6 19. Be2 Qg7 20. b5 c5 21. a4 h5
22. b6 a6 23. Nb5 g4 24. Nc7 Rdg8 25. Rg1 Qg5 26. Qd3 Qf4+ 27. g3 Qf2+ 28. Rg2
Qd4 29. Nxa6+ Kc8 30. Qxd4 cxd4 31. Nb4 Nxe4 32. Nd5 Kd8 33. a5 Nec5 34. Bb5
Nb8 35. Re2 e4 36. Nf6 Rg5 37. Nxe4 Nxe4 38. Rxe4 Rxf5 39. Rxd4+ Kc8 40. Rc4+
Kd8 41. Rd1+ Ke7 42. Rc7+ Kf6 43. Rf1 Rxf1 44. Bxf1 Rd8 45. Rxb7 Nc6 46. a6
Rd2+ 47. Bg2 Ne5 48. Kg1 Rd1+ 49. Kf2 Rd2+ 50. Kf1 Rxc2 51. a7 Rc1+ 52. Ke2
Rc2+ 53. Kd1 Rxg2 54. a8=Q gxh3 55. Qh8+ Ke6 56. Qc8+ 1-0

[Event "Bernard Freedman mem"]
[Site "Toronto CAN"]
[Date "2002.08.20"]
[Round "8"]
[White "Takov, Chris"]
[Black "Henry, Liam"]
[Result "0-1"]
[WhiteElo "1910"]
[BlackElo "1846"]
[PlyCount "86"]
[EventDate "2002.08.12"]
[EventType "tourn"]
[EventRounds "9"]
[EventCountry "CAN"]
[Source "ChessBase"]
[SourceDate "2002.11.25"]

1. c4 g6 2. Nc3 Bg7 3. g3 c5 4. Bg2 Nc6 5. d3 e6 6. Bd2 Nge7 7. h4 h5 8. Nf3
O-O 9. Qc1 Nf5 10. Bg5 f6 11. Bf4 a6 12. e4 Nfd4 13. Bd6 Nb4 14. Nxd4 Nxd3+ 15.
Kd2 Nxc1 16. Bxc5 d6 17. Ba3 e5 18. Nf3 Nxa2 19. Rxa2 Be6 20. b3 Qb6 21. Kd3
Qxb3 22. Nd2 Qb6 23. Rb1 Qd4+ 24. Kc2 b5 25. Bf1 Bh6 26. Bc1 Bxd2 27. Bxd2 Bxc4
28. Rb4 Rfc8 29. Be3 Qxc3+ 30. Kxc3 Bxa2+ 31. Kd2 Bc4 32. Bh3 a5 33. Bxc8 axb4
34. Bb7 Ra2+ 35. Kc1 b3 36. Bd5+ Bxd5 37. exd5 Kf7 38. Bd2 Ke7 39. f3 Rc2+ 40.
Kd1 Rc5 41. Bc1 Rxd5+ 42. Ke2 Rc5 43. Ba3 b4 0-1

[Event "Bernard Freedman mem"]
[Site "Toronto CAN"]
[Date "2002.08.21"]
[Round "9"]
[White "Sherman, Robert"]
[Black "Henry, Liam"]
[Result "1-0"]
[WhiteElo "1850"]
[BlackElo "1846"]
[PlyCount "28"]
[EventDate "2002.08.12"]
[EventType "tourn"]
[EventRounds "9"]
[EventCountry "CAN"]
[Source "ChessBase"]
[SourceDate "2002.11.25"]

1. e4 c5 2. Nf3 d6 3. d4 cxd4 4. Nxd4 Nf6 5. Nc3 a6 6. Bg5 e6 7. f4 Be7 8. Qf3
Qc7 9. O-O-O Nbd7 10. g4 b5 11. Bxf6 gxf6 12. f5 e5 13. Nd5 Qc5 14. b4 Qxd4 1-0

[Event "Bonne annee"]
[Site "Levis CAN"]
[Date "2002.01.04"]
[Round "1"]
[White "Servant, Michel"]
[Black "Auger, Bertrand"]
[Result "0-1"]
[WhiteElo "1675"]
[BlackElo "2022"]
[PlyCount "70"]
[EventDate "2002.01.04"]
[EventType "swiss"]
[EventRounds "5"]
[EventCountry "CAN"]

1. c4 e6 2. g3 d5 3. Bg2 Nf6 4. Nf3 Be7 5. O-O O-O 6. b3 b6 7. d4 Bb7 8. Nc3
dxc4 9. bxc4 c5 10. Bf4 Na6 11. Nb5 cxd4 12. Nfxd4 Bxg2 13. Kxg2 Qc8 14. Rc1
Rd8 15. Qb3 Nc5 16. Qb2 a6 17. Na3 Na4 18. Qb3 Rxd4 19. Qxa4 Qb7+ 20. f3 Ng4
21. Kh3 e5 22. fxg4 exf4 23. Rxf4 Rxf4 24. gxf4 Qe4 25. Qb3 Qxf4 26. Rd1 Bd6
27. Rxd6 Qxd6 28. Nc2 Re8 29. e3 h5 30. g5 Re4 31. Nd4 Rh4+ 32. Kg2 Qxh2+ 33.
Kf1 Rg4 34. Ne2 Qg2+ 35. Ke1 Qc6 0-1

[Event "British Columbia-ch"]
[Site "Victoria CAN"]
[Date "2002.10.11"]
[Round "1"]
[White "Beqo, Besnik"]
[Black "Yoos, John"]
[Result "1-0"]
[WhiteElo "2198"]
[BlackElo "2437"]
[PlyCount "103"]
[EventDate "2002.10.11"]
[EventType "swiss"]
[EventRounds "7"]
[EventCountry "CAN"]

1. e4 c5 2. Nf3 d6 3. d4 cxd4 4. Nxd4 Nf6 5. Nc3 g6 6. Be3 Bg7 7. f3 O-O 8. Qd2
Nc6 9. O-O-O Nxd4 10. Bxd4 Be6 11. Kb1 Qc7 12. Nd5 Bxd5 13. exd5 Rac8 14. Rc1
Qd7 15. c4 b5 16. g4 Qb7 17. h4 a6 18. h5 bxc4 19. Bxc4 Rxc4 20. Rxc4 Qxd5 21.
Qe2 e5 22. Bc3 Qb5 23. a4 Qb7 24. hxg6 hxg6 25. Rd1 Rd8 26. Ba5 Rd7 27. Rb4 Qa8
28. Rb6 Nd5 29. Rxa6 Qb7 30. Qb5 Ne3 31. Qxb7 Rxb7 32. Ra8+ Bf8 33. Rxd6 Kg7
34. Rdd8 Be7 35. Rg8+ Kf6 36. Ra6+ Kg5 37. Bb6 Kf4 38. a5 Kxf3 39. Ra7 Rxa7 40.
Bxa7 Nd5 41. Rg7 f5 42. gxf5 gxf5 43. Bg1 Bd8 44. a6 Bb6 45. Bxb6 Nxb6 46. Rb7
Na8 47. Kc2 e4 48. a7 e3 49. Kd3 f4 50. Rf7 Nb6 51. Rf6 e2 52. Re6 1-0

[Event "British Columbia-ch"]
[Site "Victoria CAN"]
[Date "2002.10.11"]
[Round "1"]
[White "Stanford, Mike"]
[Black "Scoones, Dan"]
[Result "0-1"]
[WhiteElo "2156"]
[BlackElo "2295"]
[PlyCount "52"]
[EventDate "2002.10.11"]
[EventType "swiss"]
[EventRounds "7"]
[EventCountry "CAN"]

1. e4 d5 2. exd5 Nf6 3. d4 Nxd5 4. c4 Nb6 5. Nf3 g6 6. h3 Bg7 7. Nc3 O-O 8. Be3
Nc6 9. Qd2 e5 10. d5 Ne7 11. g4 e4 12. Ng5 f5 13. O-O-O h6 14. Ne6 Bxe6 15.
dxe6 Qe8 16. c5 Na4 17. Bxh6 Rd8 18. Qxd8 Bxh6+ 19. Kc2 Qxd8 20. Rxd8 Rxd8 21.
Nxa4 Rd2+ 22. Kb3 Rxf2 23. Bc4 Kf8 24. Rf1 Rxf1 25. Bxf1 Nd5 26. Nc3 Ne3 0-1

[Event "British Columbia-ch"]
[Site "Victoria CAN"]
[Date "2002.10.12"]
[Round "2"]
[White "Aquino, Manfrei"]
[Black "Moore, Harry"]
[Result "0-1"]
[WhiteElo "1997"]
[BlackElo "2266"]
[PlyCount "56"]
[EventDate "2002.10.11"]
[EventType "swiss"]
[EventRounds "7"]
[EventCountry "CAN"]

1. d4 Nf6 2. c4 c5 3. d5 e6 4. Nc3 exd5 5. cxd5 d6 6. e4 g6 7. Be2 Bg7 8. Nf3
O-O 9. Nd2 b6 10. O-O Na6 11. f4 Nc7 12. a4 Rb8 13. Nc4 Ba6 14. e5 dxe5 15. d6
Ne6 16. fxe5 Nd7 17. Nd5 Bxc4 18. Ne7+ Kh8 19. Bxc4 Nxe5 20. Bxe6 fxe6 21. Bg5
Rxf1+ 22. Kxf1 Qd7 23. h4 Nf7 24. Qg4 Nxg5 25. Qxg5 Qxd6 26. Ke2 Rd8 27. Rh1
Qd3+ 28. Ke1 Qe4+ 0-1

[Event "British Columbia-ch"]
[Site "Victoria CAN"]
[Date "2002.10.12"]
[Round "2"]
[White "Ferguson, Jim"]
[Black "Berry, Jonathan"]
[Result "1-0"]
[WhiteElo "2197"]
[BlackElo "2356"]
[PlyCount "35"]
[EventDate "2002.10.11"]
[EventType "swiss"]
[EventRounds "7"]
[EventCountry "CAN"]

1. e4 e5 2. Nf3 Nc6 3. Bb5 g6 4. d4 exd4 5. Bg5 f6 6. Bh4 Qe7 7. O-O Qc5 8. Qe2
Bg7 9. Nbd2 Qxc2 10. e5 Kf8 11. exf6 Bxf6 12. Rfe1 Bxh4 13. Nxh4 Nge7 14. Rac1
Qxb2 15. Rxc6 Nxc6 16. Bxc6 dxc6 17. Qe7+ Kg8 18. Ne4 1-0

[Event "British Columbia-ch"]
[Site "Victoria CAN"]
[Date "2002.10.12"]
[Round "2"]
[White "Milicevic, Dragoljub"]
[Black "Bouvier, Jesse"]
[Result "1-0"]
[WhiteElo "2251"]
[BlackElo "2005"]
[PlyCount "103"]
[EventDate "2002.10.11"]
[EventType "swiss"]
[EventRounds "7"]
[EventCountry "CAN"]

1. Nf3 d5 2. g3 Nc6 3. d4 Bg4 4. Bg2 Qd7 5. h3 Bxf3 6. exf3 O-O-O 7. f4 e6 8.
O-O Nge7 9. c3 Nf5 10. b4 Kb8 11. Qe2 g6 12. Rd1 Bg7 13. Be3 Rhe8 14. a4 Nce7
15. Nd2 f6 16. Nb3 Nd6 17. Nc5 Qc8 18. Qa2 Nef5 19. Bc1 Nc4 20. a5 Nfd6 21. Qb3
c6 22. Ra2 Re7 23. Re2 Rde8 24. Rde1 Ka8 25. Nd3 a6 26. Qc2 Nf5 27. Nc5 h6 28.
h4 Ncd6 29. Kh2 e5 30. fxe5 fxe5 31. Bh3 Bf6 32. dxe5 Rxe5 33. Bf4 Rxe2 34.
Rxe2 Nb5 35. Na4 Ka7 36. Rxe8 Qxe8 37. Bxf5 gxf5 38. Be3+ Kb8 39. Qxf5 Bxc3 40.
Nxc3 Nxc3 41. Qf4+ Ka8 42. Qxh6 Ne4 43. Qg7 Nd6 44. Qf6 Nb5 45. g4 d4 46. Bxd4
Nxd4 47. Qxd4 Qe7 48. g5 Qf7 49. Kg3 Qb3+ 50. f3 Qb1 51. Kg4 Qf1 52. Qe4 1-0

[Event "British Columbia-ch"]
[Site "Victoria CAN"]
[Date "2002.10.12"]
[Round "2"]
[White "Scoones, Dan"]
[Black "Beqo, Besnik"]
[Result "1-0"]
[WhiteElo "2295"]
[BlackElo "2198"]
[PlyCount "119"]
[EventDate "2002.10.11"]
[EventType "swiss"]
[EventRounds "7"]
[EventCountry "CAN"]

1. c4 b6 2. d4 e6 3. a3 Bb7 4. Nc3 f5 5. Nf3 Nf6 6. g3 Be7 7. Bg2 O-O 8. d5 a5
9. O-O Na6 10. Bf4 Nh5 11. d6 Bf6 12. dxc7 Nxc7 13. Bd6 Be7 14. Ne5 Bxg2 15.
Kxg2 Nf6 16. Qd4 Bxd6 17. Qxd6 Nce8 18. Qd4 d6 19. Nf3 e5 20. Qd2 Rc8 21. Rfd1
Qe7 22. b3 f4 23. Ng5 Ng4 24. Nge4 Qb7 25. Qd5+ Qxd5 26. Nxd5 Rb8 27. h3 Nh6
28. Ne7+ Kh8 29. Nxd6 fxg3 30. fxg3 Nc7 31. Nc6 Ra8 32. Nxe5 Ne6 33. Rf1 Rxf1
34. Rxf1 Nd4 35. Nd7 Nxb3 36. Nxb6 Rd8 37. Nf7+ Nxf7 38. Rxf7 Kg8 39. Rf3 Nc5
40. Rf5 Nb3 41. Rb5 Nd4 42. Rxa5 Nxe2 43. Ra8 Rxa8 44. Nxa8 Kf8 45. Kf2 Nc3 46.
Nb6 Ne4+ 47. Kf3 Ng5+ 48. Kg4 Ne6 49. Kf5 Ke7 50. Ke5 Ng5 51. h4 Nf7+ 52. Kd5
g5 53. hxg5 Nxg5 54. c5 Ne6 55. c6 Nc7+ 56. Ke5 Kd8 57. a4 h5 58. Nd5 Ne8 59.
a5 Kc8 60. a6 1-0

[Event "British Columbia-ch"]
[Site "Victoria CAN"]
[Date "2002.10.12"]
[Round "2"]
[White "Yoos, John"]
[Black "Stanford, Mike"]
[Result "1/2-1/2"]
[WhiteElo "2437"]
[BlackElo "2155"]
[PlyCount "57"]
[EventDate "2002.10.11"]
[EventType "swiss"]
[EventRounds "7"]
[EventCountry "CAN"]

1. e4 c5 2. Nf3 e6 3. d4 cxd4 4. Nxd4 a6 5. Bd3 Bc5 6. Nb3 Be7 7. Nc3 Qc7 8. f4
d6 9. Qf3 b5 10. Be3 Bb7 11. O-O-O Nf6 12. g4 Nc6 13. g5 Nd7 14. Kb1 Nb4 15.
Rhf1 Nxd3 16. cxd3 Nc5 17. Nd4 b4 18. Nce2 d5 19. e5 g6 20. Rc1 Qd7 21. Rfd1
Rc8 22. Qf2 Qa4 23. h4 Kd7 24. b3 Qa5 25. Nf3 Qb5 26. Ned4 Qb6 27. Ne1 a5 28.
Ndf3 Ba6 29. Bxc5 1/2-1/2

[Event "British Columbia-ch"]
[Site "Victoria CAN"]
[Date "2002.10.12"]
[Round "3"]
[White "Beqo, Besnik"]
[Black "Wu, Howard"]
[Result "1-0"]
[WhiteElo "2198"]
[BlackElo "2176"]
[PlyCount "57"]
[EventDate "2002.10.11"]
[EventType "swiss"]
[EventRounds "7"]
[EventCountry "CAN"]

1. e4 c5 2. Nf3 Nc6 3. d4 cxd4 4. Nxd4 Nf6 5. Nc3 d6 6. Be3 g6 7. f3 Bg7 8. Qd2
O-O 9. O-O-O d5 10. exd5 Nxd5 11. Nxc6 bxc6 12. Bd4 e5 13. Bc5 Be6 14. Ne4 Rb8
15. Bxf8 Qxf8 16. g4 f5 17. gxf5 gxf5 18. Ng5 e4 19. c3 e3 20. Qg2 Bf7 21. Nxf7
Qxf7 22. Bc4 Kh8 23. Rhg1 Bh6 24. Rd4 e2+ 25. Kb1 Be3 26. Bxd5 cxd5 27. Qxe2
Bxg1 28. Qe5+ Kg8 29. Qxb8+ 1-0

[Event "British Columbia-ch"]
[Site "Victoria CAN"]
[Date "2002.10.12"]
[Round "3"]
[White "Berry, Jonathan"]
[Black "Bouvier, Jesse"]
[Result "0-1"]
[WhiteElo "2356"]
[BlackElo "2005"]
[PlyCount "98"]
[EventDate "2002.10.11"]
[EventType "swiss"]
[EventRounds "7"]
[EventCountry "CAN"]

1. Nf3 d5 2. c4 d4 3. g3 Nc6 4. Bg2 e5 5. d3 Nf6 6. O-O Nd7 7. e3 Be7 8. exd4
exd4 9. Nbd2 O-O 10. Re1 a5 11. Ne4 Re8 12. Nfg5 Nf8 13. Qh5 g6 14. Qe2 Bd7 15.
Qf3 Ne5 16. Qf4 f6 17. Rd1 Kg7 18. Nf3 Nxf3+ 19. Bxf3 g5 20. Qd2 Ng6 21. Bg2 h6
22. f3 f5 23. Nf2 Bc6 24. Rf1 a4 25. Nh3 Bc5 26. Kh1 Qe7 27. f4 g4 28. Bxc6
bxc6 29. Ng1 h5 30. Qg2 Qf6 31. Bd2 h4 32. Rae1 h3 33. Qf2 Bf8 34. Ne2 c5 35.
Kg1 Rab8 36. Nc1 Qc6 37. b3 Be7 38. Re2 Kf7 39. Rfe1 Bf6 40. Rxe8 Rxe8 41. Rxe8
Kxe8 42. Ba5 Kf7 43. bxa4 Qxa4 44. Nb3 Qc6 45. Qe2 Be7 46. Be1 Bd6 47. Bd2 Qa8
48. Bc1 Ne7 49. Kf2 Qh1 0-1

[Event "British Columbia-ch"]
[Site "Victoria CAN"]
[Date "2002.10.12"]
[Round "3"]
[White "Milicevic, Dragoljub"]
[Black "Scoones, Dan"]
[Result "0-1"]
[WhiteElo "2251"]
[BlackElo "2295"]
[PlyCount "154"]
[EventDate "2002.10.11"]
[EventType "swiss"]
[EventRounds "7"]
[EventCountry "CAN"]

1. Nf3 Nf6 2. c4 c5 3. Nc3 e6 4. g3 b6 5. Bg2 Bb7 6. O-O a6 7. d4 cxd4 8. Qxd4
d6 9. Rd1 Nbd7 10. b3 Be7 11. Ne1 Qc7 12. Ba3 Bxg2 13. Nxg2 Nc5 14. Rac1 O-O
15. Ne3 Rfd8 16. b4 Ncd7 17. Bb2 Bf8 18. g4 Ne5 19. g5 Ne8 20. Qh4 Qb7 21. f4
Ng6 22. Qg4 b5 23. cxb5 axb5 24. f5 Ne5 25. Qf4 Rdc8 26. fxe6 fxe6 27. Rf1 Ng6
28. Qg4 Nc7 29. a3 d5 30. Ncd1 Qb6 31. h4 Qd6 32. h5 Ne5 33. Qf4 Nc4 34. Qf7+
Kh8 35. Rxc4 Qg3+ 36. Ng2 dxc4 37. g6 Nd5 38. Rf3 Qg5 39. gxh7 Kxh7 40. Bd4 Rc7
41. Qxe6 Re7 42. Qf5+ Qxf5 43. Rxf5 Rd7 44. Nde3 Nxe3 45. Bxe3 Rd1+ 46. Kf2 Bd6
47. Bc5 Rxa3 48. Ne3 Rd2 49. Bxd6 Rxd6 50. Rxb5 Rf6+ 51. Nf5 Rh3 52. e4 Rxh5
53. Rb7 Rg5 54. Rc7 Kg8 55. Ke3 g6 56. Ne7+ Kf8 57. Nd5 Re6 58. Kd4 Rge5 59.
Nc3 Rh5 60. Rxc4 g5 61. Kd5 Rg6 62. e5 g4 63. Rf4+ Ke8 64. Ke4 g3 65. Rf1 g2
66. Rg1 Rh3 67. Ne2 Rg4+ 68. Kf5 Rg8 69. Nf4 Rhg3 70. Nd5 Rf3+ 71. Ke4 Rf1 72.
Nf6+ Kf7 73. Nxg8 Rxg1 74. Nh6+ Kg6 75. Kf3 Kxh6 76. Kf2 Rb1 77. Kxg2 Rxb4 0-1

[Event "British Columbia-ch"]
[Site "Victoria CAN"]
[Date "2002.10.12"]
[Round "3"]
[White "Schuetzhold, Ralf"]
[Black "Stanford, Mike"]
[Result "0-1"]
[WhiteElo "2153"]
[BlackElo "2155"]
[PlyCount "85"]
[EventDate "2002.10.11"]
[EventType "swiss"]
[EventRounds "7"]
[EventCountry "CAN"]

1. e4 c5 2. Nf3 e6 3. d4 cxd4 4. Nxd4 a6 5. Be3 Qc7 6. Bd3 Nf6 7. O-O d5 8.
exd5 Nxd5 9. Bd2 b5 10. a3 Nd7 11. Nc3 Bb7 12. Re1 Nc5 13. Ncxb5 axb5 14. Bxb5+
Nd7 15. c4 N5f6 16. b4 Bd6 17. h3 Bh2+ 18. Kh1 Ne4 19. Bxd7+ Qxd7 20. Kxh2 Qxd4
21. Be3 Qxc4 22. Qg4 O-O 23. Bc5 f5 24. Qf4 e5 25. Qxe5 Nxc5 26. bxc5 Rac8 27.
Rec1 Qd5 28. Qxd5+ Bxd5 29. a4 Rc6 30. Rab1 Ra8 31. Rb4 Ra5 32. Rb5 Rxa4 33.
Rd1 Be6 34. Rb7 Ra8 35. Rd6 Rxd6 36. cxd6 Rd8 37. Rb6 Kf7 38. Kg3 Kf6 39. h4 h6
40. f4 Rd7 41. Kh3 Bd5 42. g4 fxg4+ 43. Kxg4 0-1

[Event "British Columbia-ch"]
[Site "Victoria CAN"]
[Date "2002.10.12"]
[Round "3"]
[White "Yoos, John"]
[Black "Aquino, Manfrei"]
[Result "1/2-1/2"]
[WhiteElo "2437"]
[BlackElo "1997"]
[PlyCount "87"]
[EventDate "2002.10.11"]
[EventType "swiss"]
[EventRounds "7"]
[EventCountry "CAN"]

1. e4 e5 2. f4 Bc5 3. Nf3 d6 4. Nc3 Nc6 5. Bb5 Bd7 6. d3 a6 7. Ba4 Nf6 8. fxe5
dxe5 9. Bg5 h6 10. Bh4 g5 11. Bg3 b5 12. Bb3 Bg4 13. Rf1 Qe7 14. Nd5 Qd6 15.
Qd2 Nxd5 16. Bxd5 Bxf3 17. Rxf3 f6 18. Bf2 Bxf2+ 19. Qxf2 Ke7 20. c3 Rab8 21.
a3 Rhf8 22. Qg3 f5 23. h4 g4 24. Rf1 h5 25. O-O-O Nd8 26. Qe1 f4 27. d4 c6 28.
Ba2 Ne6 29. d5 Nc5 30. Qe2 Rfd8 31. dxc6 Qxc6 32. Rd5 Rxd5 33. Bxd5 Qh6 34. Kb1
a5 35. Qf2 Qb6 36. g3 f3 37. Qd2 b4 38. cxb4 axb4 39. axb4 Qxb4 40. Qg5+ Kd6
41. Qf6+ Kd7 42. Qf7+ Kd6 43. Qf6+ Kd7 44. Qf7+ 1/2-1/2

[Event "British Columbia-ch"]
[Site "Victoria CAN"]
[Date "2002.10.13"]
[Round "4"]
[White "Bouvier, Jesse"]
[Black "Aquino, Manfrei"]
[Result "1-0"]
[WhiteElo "2005"]
[BlackElo "1997"]
[PlyCount "63"]
[EventDate "2002.10.11"]
[EventType "swiss"]
[EventRounds "7"]
[EventCountry "CAN"]

1. e4 e5 2. f4 Bc5 3. Nf3 d6 4. Nc3 Nf6 5. Bc4 Nc6 6. d3 a6 7. Bb3 h6 8. h3 Na5
9. Rf1 Nxb3 10. axb3 Qe7 11. g4 exf4 12. Bxf4 Bd7 13. Qd2 O-O-O 14. O-O-O Bb4
15. Qh2 Bxc3 16. bxc3 Be6 17. c4 a5 18. Kb2 h5 19. g5 Ng4 20. Qd2 Ne5 21. Qxa5
Bxh3 22. Bxe5 Bxf1 23. Rxf1 f6 24. gxf6 gxf6 25. Bg3 Qe6 26. Nd4 Qh3 27. Rxf6
Rh7 28. Nf5 b6 29. Qa8+ Kd7 30. Rxd6+ cxd6 31. Qb7+ Ke6 32. Qxh7 1-0

[Event "British Columbia-ch"]
[Site "Victoria CAN"]
[Date "2002.10.13"]
[Round "4"]
[White "Schuetzhold, Ralf"]
[Black "Mandic, Slaven"]
[Result "1/2-1/2"]
[WhiteElo "2153"]
[BlackElo "2051"]
[PlyCount "34"]
[EventDate "2002.10.11"]
[EventType "swiss"]
[EventRounds "7"]
[EventCountry "CAN"]

1. e4 g6 2. d4 Bg7 3. Bf4 c6 4. Nf3 d5 5. e5 h5 6. Bd3 Bg4 7. O-O Qb6 8. Nbd2
e6 9. c3 Nh6 10. Qe1 Nd7 11. b4 a5 12. Nb3 axb4 13. cxb4 Bf8 14. a3 Be7 15. Ng5
Bf5 16. Qc3 Bxd3 17. Qxd3 Nf5 1/2-1/2

[Event "British Columbia-ch"]
[Site "Victoria CAN"]
[Date "2002.10.13"]
[Round "4"]
[White "Stanford, Mike"]
[Black "Berry, Jonathan"]
[Result "1/2-1/2"]
[WhiteElo "2155"]
[BlackElo "2356"]
[PlyCount "137"]
[EventDate "2002.10.11"]
[EventType "swiss"]
[EventRounds "7"]
[EventCountry "CAN"]

1. e4 d6 2. d4 g6 3. Nc3 a6 4. Be3 b5 5. Qd2 Nd7 6. f3 e6 7. g4 h5 8. g5 Nb6 9.
b3 Ne7 10. Bd3 Bg7 11. f4 d5 12. e5 c6 13. Nce2 a5 14. a3 Nf5 15. Bf2 Bf8 16.
c3 Qc7 17. Nf3 Bd7 18. O-O Be7 19. b4 Ra6 20. Qc1 Nc4 21. Rb1 Qa7 22. Nd2 O-O
23. Nxc4 bxc4 24. Bc2 axb4 25. axb4 Ra8 26. Rb2 Ra3 27. Bb1 Ra1 28. Rd1 Qb8 29.
Rdd2 R8a4 30. Ra2 Qa8 31. Rxa1 Rxa1 32. Qb2 Ng7 33. Kg2 Ra3 34. Ba2 Qa4 35. Qc2
Qxc2 36. Rxc2 Bc8 37. Be1 Ba6 38. Bd2 Bb5 39. Bc1 Ra8 40. Kf2 Nf5 41. Rb2 Ng7
42. Ke1 Ne8 43. Bd2 Nc7 44. Kf2 Ra3 45. Bc1 Kf8 46. Ke1 Ke8 47. Kf2 Kd7 48. Ke1
Kc8 49. Rc2 Ra7 50. Rb2 Kb7 51. Bb1 Ra1 52. Kd2 Na8 53. Bc2 Nb6 54. Rb1 Ra2 55.
Rb2 Ra6 56. Rb1 Ba4 57. Ra1 Bxc2 58. Rxa6 Kxa6 59. Kxc2 Kb5 60. Bd2 Ka4 61. Bc1
Na8 62. Bd2 Nc7 63. Bc1 Ne8 64. h4 Nc7 65. Bd2 Na6 66. Kb2 Nc7 67. Kc2 Nb5 68.
Be1 Ka3 69. Bd2 1/2-1/2

[Event "British Columbia-ch"]
[Site "Victoria CAN"]
[Date "2002.10.13"]
[Round "4"]
[White "Wu, Howard"]
[Black "Yoos, John"]
[Result "0-1"]
[WhiteElo "2176"]
[BlackElo "2437"]
[PlyCount "60"]
[EventDate "2002.10.11"]
[EventType "swiss"]
[EventRounds "7"]
[EventCountry "CAN"]

1. e4 c5 2. Nf3 Nc6 3. d4 cxd4 4. Nxd4 Nf6 5. Nc3 d6 6. Bg5 e6 7. Qd2 a6 8. f4
h6 9. Bxf6 Qxf6 10. Nf3 Qd8 11. O-O-O Be7 12. Kb1 b5 13. e5 dxe5 14. Qe3 Qc7
15. fxe5 Bb7 16. Bd3 Nb4 17. Rhf1 Rc8 18. Qf4 Nxd3 19. cxd3 O-O 20. Ne4 Qc2+
21. Ka1 Qa4 22. Nfd2 Rc2 23. Nc3 Qxf4 24. Rxf4 Bg5 25. Rf2 b4 26. Nce4 Be3 27.
Kb1 Rfc8 28. Rff1 Bxe4 29. Nxe4 Rxg2 30. Rf3 Bd4 0-1